| 000 | 01026nam a22002055i 4500 | ||
|---|---|---|---|
| 001 | 160415 | ||
| 003 | ES-MaACL | ||
| 005 | 20230906212029.0 | ||
| 008 | 950206m18651891sp a |||| | spa d | ||
| 040 |
_aGA _bspa _cCCPB | PA2 |
||
| 100 | 1 |
_aMurguía, Manuel. _984577 |
|
| 245 | 1 | 0 |
_aHistoria de Galicia / _cpor Manuel Murguia. |
| 260 |
_aLugo : _bImprenta de Soto Freire, editor, _c1865-1891. |
||
| 300 |
_a4 v. (XXVI, 599 p., [10] h. de lám. ; 580 p., [12] h. de lám., [1] h. de lám. pleg. ; XXVIII, 397 p. ; XVIII, 383 p.) ; _c22 cm. |
||
| 596 | _aPie de imp. en t. III: La Coruña: Librería de Andrés Martínez, 1888 (Santiago: Imp. y Enc. del Seminario Conciliar) | ||
| 596 | _aPie de imp. en t. IV: La Coruña: Librería de D. Eugenio Carré, 1891 (Santiago: Imp. de Dieguez y Otero) | ||
| 596 | _aT. III y IV impresos a costa del Centro Gallego de La Habana. | ||
| 651 | 4 |
_aGalicia- _xHistoria. _98728 |
|
| 852 |
_aES-MaACL _jG-6951-54- _z-- Enc. pasta española los dos primeros tomos y hol. los dos segundos |
||
| 999 |
_c160415 _d160415 |
||